000 00938nam0a22002411i 4500
001 rc\1170068
005 20240726040941.0
035 _a(NLR Aleph) 006413220
090 _a5368781
_c5368781
100 _a20041129d1980 u |0rusy50 ca
101 0 _arus
102 _aRU
105 _ay |||||||||
200 1 _aОдноэтажные промышленные здания из легких конструкций
_e(Вопр. теории и практики)
_eАвтореф. дис. на соиск. учен. степ. д-ра техн. наук
_e(05.23.10)
210 _aМ.
_d1980
215 _a32 с.
300 _aВ надзаг.: Моск. инж.-строит. ин-т им. В.В. Куйбышева
320 _aБиблиогр.: с. 27-32 (60 назв.)
700 1 _aХромец
_bЮ.Н.
_gЮрий Николаевич
801 0 _aRU
_bNLR
_gpsbo
801 1 _aRU
_bELAR
_2rusmarc
852 _aNLR
_j80-6/5002
942 _cBOOK